[Event "Landsturneringen NM i sjakk 2013"]
[Site "Radisson Blu Lillehammer Hotel"]
[Date "2013.06.29"]
[Round "4"]
[White "Hegvik, Leif Trygve"]
[Black "Nygaard, Timmie"]
[Result "1/2-1/2"]
[WhiteElo "1770"]
[BlackElo "1840"]
[PlyCount "100"]
[EventDate "2013.??.??"]

1. c4 e5 2. Nc3 Nf6 3. g3 c6 4. Bg2 d6 5. e4 Be7 6. Nge2 O-O 7. O-O Be6 8. b3
Qd7 9. d4 Ne8 10. dxe5 dxe5 11. Be3 f6 12. Qc2 Qc7 13. Rad1 Nd7 14. h3 b6 15.
g4 Nd6 16. Ng3 g6 17. Na4 Nb7 18. Qc1 Nbc5 19. Nc3 Bf7 20. g5 Ne6 21. gxf6 Bxf6
22. Nce2 Rad8 23. Bh6 Rfe8 24. Kh1 Ndc5 25. Qe3 Rxd1 26. Rxd1 Rd8 27. Rxd8+
Qxd8 28. Qd2 Nd3 29. Kg1 Be7 30. Be3 Qd6 31. Nf1 Nef4 32. Bxf4 exf4 33. Nc1
Nxc1 34. Qxc1 Bg5 35. Qc2 Be6 36. Nd2 Qd7 37. Nf3 Bf6 38. Qd2 Bxh3 39. Qxf4
Bxg2 40. Kxg2 Kg7 41. e5 Be7 42. Qe4 Bc5 43. Ne1 Qe6 44. Nd3 Be7 45. Qd4 Qf5
46. e6+ Bf6 47. Qd7+ Kh6 48. Qd6 Qg4+ 49. Kf1 Qd1+ 50. Kg2 Qg4+ 1/2-1/2

[Event "Landsturneringen NM i sjakk 2013"]
[Site "Radisson Blu Lillehammer Hotel"]
[Date "2013.06.29"]
[Round "4"]
[White "Runde, Hans Arild"]
[Black "Gyldenås, Ole Jørn"]
[Result "1/2-1/2"]
[WhiteElo "1929"]
[BlackElo "1955"]
[PlyCount "126"]
[EventDate "2013.??.??"]

1. d4 d5 2. c4 c6 3. Nc3 Nf6 4. Nf3 dxc4 5. a4 Bf5 6. e3 e6 7. Bxc4 Bb4 8. O-O
O-O 9. Nh4 Bg6 10. Nxg6 hxg6 11. Qc2 Nbd7 12. Rd1 Qc7 13. Bd2 a5 14. h3 Rfd8
15. Be1 Nf8 16. Rac1 Rd7 17. Ne4 Nxe4 18. Qxe4 Bxe1 19. Rxe1 Qd6 20. Qc2 Rad8
21. Qc3 Qc7 22. Be2 Nh7 23. b4 axb4 24. Qxb4 Ra8 25. Ra1 Qa5 26. Qxa5 Rxa5 27.
Rec1 Nf6 28. Bf3 Rd8 29. Rab1 Ra7 30. Rb4 Nd5 31. Bxd5 Rxd5 32. Kf1 Kf8 33.
Rcb1 Rd7 34. Ke2 Ke7 35. R1b3 Kd8 36. f4 Kc8 37. e4 Kb8 38. Rg3 Kc7 39. f5 exf5
40. exf5 Rd6 41. Ke3 Ra5 42. fxg6 Rxg6 43. Rxg6 fxg6 44. Ke4 Kc8 45. Rc4 Kd7
46. Kd3 Kd6 47. Rb4 Kc7 48. Kc4 Kc8 49. Kb3 Rf5 50. Rc4 Kc7 51. Rc2 Kd6 52. Re2
Rf4 53. Kc3 Rf5 54. Re4 g5 55. Rg4 b6 56. Kc4 b5+ 57. axb5 cxb5+ 58. Kb4 Kc6
59. g3 Kd6 60. h4 gxh4 61. gxh4 Rh5 62. Rxg7 Rxh4 63. Kxb5 Rxd4 1/2-1/2

[Event "Landsturneringen NM i sjakk 2013"]
[Site "Radisson Blu Lillehammer Hotel"]
[Date "2013.06.29"]
[Round "4"]
[White "Tufta, Jon Gunnar"]
[Black "Thrana, Svein Arne"]
[Result "1-0"]
[WhiteElo "1740"]
[BlackElo "1752"]
[PlyCount "115"]
[EventDate "2013.??.??"]

1. e4 c5 2. Nc3 Nc6 3. f4 d6 4. Bc4 g6 5. Nf3 Bg7 6. O-O Nf6 7. d3 O-O 8. a3
Bg4 9. h3 Bxf3 10. Qxf3 Nd4 11. Qf2 e6 12. Nd1 b5 13. Ba2 a5 14. c3 Nc6 15. Ne3
b4 16. Bd2 Rb8 17. g4 bxa3 18. bxa3 a4 19. f5 exf5 20. gxf5 Ne5 21. d4 Nxe4 22.
Qg2 Nxd2 23. Qxd2 cxd4 24. cxd4 Qg5+ 25. Kh2 Bh6 26. dxe5 Qxe3 27. Qxe3 Bxe3
28. exd6 Bd4 29. Rad1 Rb2+ 30. Kh1 Be5 31. d7 Bc7 32. Bd5 Rh2+ 33. Kg1 Rxh3 34.
fxg6 hxg6 35. Rf3 Rh5 36. Kg2 Kg7 37. Rd4 f6 38. Re3 Be5 39. Rxa4 Rh2+ 40. Kf3
Rd8 41. Bc6 Kf8 42. Rc4 Ke7 43. a4 Rdh8 44. Bb5 g5 45. Rc8 Rd8 46. Rxd8 Kxd8
47. Kg4 Ke7 48. Rd3 Bc7 49. d8=Q+ Bxd8 50. Rd7+ Ke6 51. Rxd8 Rh4+ 52. Kg3 f5
53. a5 f4+ 54. Kg2 Rg4+ 55. Kf2 Rg3 56. Rd3 Rxd3 57. Bxd3 g4 58. a6 1-0

[Event "Landsturneringen NM i sjakk 2013"]
[Site "Radisson Blu Lillehammer Hotel"]
[Date "2013.06.29"]
[Round "4"]
[White "Saltnes, Trond Harald"]
[Black "Haveland, Bjørn"]
[Result "1/2-1/2"]
[WhiteElo "1708"]
[BlackElo "1771"]
[PlyCount "38"]
[EventDate "2013.??.??"]

1. e4 e5 2. f4 exf4 3. Nc3 Qh4+ 4. Ke2 d6 5. Nf3 Bg4 6. d4 Nc6 7. Bxf4 O-O-O 8.
Ke3 Bxf3 9. Qxf3 g6 10. Nd5 Nf6 11. c3 Nxd5+ 12. exd5 Re8+ 13. Kd2 Bh6 14. g3
Bxf4+ 15. Qxf4 Qxf4+ 16. gxf4 Ne7 17. Bb5 c6 18. dxc6 bxc6 19. Ba4 Kc7 1/2-1/2

[Event "Landsturneringen NM i sjakk 2013"]
[Site "Radisson Blu Lillehammer Hotel"]
[Date "2013.06.29"]
[Round "4"]
[White "Vigdal, Per Kr"]
[Black "Ali, Karim"]
[Result "0-1"]
[WhiteElo "1754"]
[BlackElo "1601"]
[PlyCount "96"]
[EventDate "2013.??.??"]

1. e4 c5 2. Nf3 d6 3. d4 cxd4 4. Nxd4 Nf6 5. Nc3 a6 6. Be2 b5 7. Bf3 e5 8. Nb3
Be7 9. Nd5 Nxd5 10. Qxd5 Ra7 11. Be3 Be6 12. Qd2 Rd7 13. Rd1 Nc6 14. O-O a5 15.
Nc1 O-O 16. a3 Nd4 17. Bxd4 exd4 18. Ne2 Bg5 19. Qe1 Re8 20. Nxd4 Bc4 21. Bg4
Rc7 22. Qxa5 Bxf1 23. Kxf1 Rxe4 24. Bf3 Re8 25. Qxb5 Rc5 26. Qd3 Qf6 27. b4 Rc7
28. b5 Rce7 29. c4 Qe5 30. g3 Qc5 31. Bd5 Bf6 32. Nf5 Re2 33. Qxe2 Rxe2 34.
Kxe2 Qxa3 35. Nxd6 Qb2+ 36. Rd2 Qb1 37. Ne4 Be7 38. Nc3 Qb3 39. Nd1 Bf6 40. f3
Kf8 41. Nf2 Bc3 42. Rd3 Qb2+ 43. Ke3 Qc1+ 44. Ke4 Qe1+ 45. Kf4 Be5+ 46. Kf5 g6+
47. Kg4 Qxf2 48. Kh3 Qf1+ 0-1

[Event "Landsturneringen NM i sjakk 2013"]
[Site "Radisson Blu Lillehammer Hotel"]
[Date "2013.06.29"]
[Round "4"]
[White "Christenson, Bjørn Aa"]
[Black "Sætre, Roger"]
[Result "0-1"]
[WhiteElo "1771"]
[BlackElo "1723"]
[PlyCount "96"]
[EventDate "2013.??.??"]

1. e4 e6 2. d4 d5 3. Nd2 Nf6 4. e5 Nfd7 5. Bd3 c5 6. c3 Nc6 7. Ne2 cxd4 8. cxd4
f6 9. exf6 Nxf6 10. Nf3 Bd6 11. O-O O-O 12. Bg5 Qb6 13. Bxf6 Rxf6 14. Qd2 e5
15. Nc3 Rxf3 16. gxf3 Nxd4 17. Qe3 Be6 18. Ne2 Nxe2+ 19. Bxe2 Qd8 20. Kh1 Qh4
21. f4 e4 22. Qg3 Qxf4 23. Qxf4 Bxf4 24. f3 e3 25. Rad1 Rc8 26. Rc1 Rd8 27. Bd3
Kf7 28. Kg2 Kf6 29. Rc3 h6 30. h4 Rd6 31. Rd1 Rb6 32. b3 Bd6 33. Be2 Bf4 34. a3
Rd6 35. Rcd3 Bf7 36. b4 Ke6 37. Rd4 Be5 38. R4d3 d4 39. Rb3 Kf5 40. Bd3+ Kf4
41. Rbb1 Bg6 42. Kh1 Bxd3 43. Rxd3 Kxf3 44. Rg1 Ke4 45. Rb3 d3 46. b5 d2 47.
Rb4+ Kd3 48. Rbg4 e2 0-1

[Event "Landsturneringen NM i sjakk 2013"]
[Site "Radisson Blu Lillehammer Hotel"]
[Date "2013.06.29"]
[Round "4"]
[White "Boger, Raymond"]
[Black "Opdahl, Andreas"]
[Result "0-1"]
[WhiteElo "1922"]
[BlackElo "1750"]
[PlyCount "172"]
[EventDate "2013.??.??"]

1. c4 g6 2. g3 Bg7 3. Bg2 d6 4. Nc3 e5 5. e4 Ne7 6. d3 O-O 7. Nge2 Nbc6 8. O-O
f5 9. Nd5 Nxd5 10. cxd5 Ne7 11. Be3 c5 12. Qd2 b5 13. f4 fxe4 14. dxe4 Kh8 15.
fxe5 Bxe5 16. Rxf8+ Qxf8 17. Rf1 Qe8 18. Bh6 Ng8 19. Rf8 Qe7 20. Nc3 Bd4+ 21.
Kh1 a6 22. Qg5 Bf6 23. Qe3 Bb7 24. Rxa8 Bxa8 25. h4 Nxh6 26. Qxh6 b4 27. Na4
Bg7 28. Qd2 Bb7 29. Nb6 Qd8 30. Nc4 Qe7 31. Qf4 Be5 32. Nxe5 dxe5 33. Qd2 Qd6
34. Bh3 Bc6 35. Qg5 Be8 36. Be6 Kg7 37. Kg2 Bf7 38. Bxf7 Kxf7 39. Qh6 Kg8 40.
h5 c4 41. hxg6 hxg6 42. Qc1 Qc5 43. Qg5 Qd6 44. Qg4 c3 45. bxc3 Kg7 46. cxb4
Qxb4 47. Qe2 Qa3 48. Qc2 Kh6 49. Qd2+ Kh5 50. Qd1+ Kg5 51. Qd2+ Kg4 52. Qe2+
Kg5 53. Kf2 Qd6 54. Qe3+ Kf6 55. g4 Ke7 56. g5 Qc7 57. Qa3+ Kf7 58. Qxa6 Qc5+
59. Kg2 Qc2+ 60. Kf3 Qd1+ 61. Qe2 Qh1+ 62. Kg3 Ke7 63. Qe3 Qa1 64. Qa7+ Ke8 65.
d6 Qe1+ 66. Kf3 Qd1+ 67. Kf2 Qd2+ 68. Kf1 Qxd6 69. Qa8+ Ke7 70. Qb7+ Kf8 71.
Ke2 Qc5 72. Qb3 Qd4 73. Qc2 Qa1 74. Qd2 Ke8 75. Qc2 Kd8 76. a4 Ke8 77. Qc4 Qb2+
78. Kd3 Qa1 79. Qg8+ Ke7 80. Qg7+ Kd8 81. Qxg6 Qd4+ 82. Ke2 Qc4+ 83. Kf2 Qc2+
84. Kg3 Qd3+ 85. Kg4 Qd7+ 86. Kh5 Qh3# 0-1

[Event "Landsturneringen NM i sjakk 2013"]
[Site "Radisson Blu Lillehammer Hotel"]
[Date "2013.06.29"]
[Round "4"]
[White "Garberg, Tore"]
[Black "Hagen, Brede"]
[Result "1-0"]
[WhiteElo "1821"]
[BlackElo "1897"]
[PlyCount "77"]
[EventDate "2013.??.??"]

1. e4 c5 2. c3 d6 3. d4 Nf6 4. Bd3 g6 5. h3 Bg7 6. Nf3 O-O 7. O-O Nc6 8. a3
cxd4 9. cxd4 Nd7 10. Be3 e5 11. Bc4 exd4 12. Nxd4 Qf6 13. Nxc6 bxc6 14. Nc3 Nb6
15. Be2 Rd8 16. Qd2 Qe7 17. Bg5 f6 18. Bf4 Be6 19. Rfe1 Nc4 20. Qc2 Ne5 21.
Rad1 Rab8 22. b4 a5 23. b5 d5 24. bxc6 d4 25. Nd5 Bxd5 26. exd5 Rxd5 27. Bc4
Qc5 28. Bxd5+ Qxd5 29. c7 Rc8 30. Rc1 Bf8 31. Bxe5 fxe5 32. Qc4 Qxc4 33. Rxc4
Bxa3 34. Rxe5 Bd6 35. Rxa5 d3 36. Kf1 Bxc7 37. Rd5 Ra8 38. Rxd3 Bb6 39. Rc2 1-0

[Event "Landsturneringen NM i sjakk 2013"]
[Site "Radisson Blu Lillehammer Hotel"]
[Date "2013.06.29"]
[Round "5"]
[White "Thorstensen, Espen"]
[Black "Stake-Larsen, Gunnar"]
[Result "0-1"]
[WhiteElo "1960"]
[BlackElo "1857"]
[PlyCount "62"]
[EventDate "2013.??.??"]

1. f4 d5 2. Nf3 Nf6 3. b3 e6 4. Bb2 Be7 5. e3 O-O 6. Be2 c5 7. O-O Nc6 8. h3
Ne4 9. Qe1 Bf6 10. c3 d4 11. exd4 cxd4 12. Bb5 dxc3 13. dxc3 Qb6+ 14. Kh2 Qxb5
15. Na3 Qf5 16. Qe3 Nd6 17. Rae1 Qa5 18. g4 Nb5 19. Nxb5 Qxb5 20. g5 Be7 21. c4
Qa5 22. Re2 Rd8 23. a3 Qf5 24. Qc1 e5 25. Ng1 Rd3 26. Re3 exf4 27. Rxd3 Qxd3
28. Rf3 Qg6 29. h4 Bg4 30. Qc3 Bxf3 31. Nxf3 Rd8 0-1

[Event "Landsturneringen NM i sjakk 2013"]
[Site "Radisson Blu Lillehammer Hotel"]
[Date "2013.06.29"]
[Round "5"]
[White "Andersen, Øystein R"]
[Black "Ski, Ole Johan"]
[Result "1-0"]
[WhiteElo "1823"]
[BlackElo "1812"]
[PlyCount "61"]
[EventDate "2013.??.??"]

1. c4 e5 2. g3 Nc6 3. Nc3 g6 4. Bg2 Bg7 5. e4 Nge7 6. Nge2 d6 7. d3 O-O 8. O-O
Be6 9. Nd5 Qd7 10. Bg5 f6 11. Be3 Nd8 12. Qd2 c6 13. Nxe7+ Qxe7 14. b4 Nf7 15.
Rab1 Rfd8 16. Nc3 Qd7 17. Rb2 b5 18. cxb5 cxb5 19. Nd5 Bxd5 20. exd5 Rdc8 21.
Rc1 a6 22. Rbc2 Nd8 23. Bb6 Rxc2 24. Qxc2 Bh6 25. Qc7 Qxc7 26. Rxc7 Bf8 27. Bh3
Rb8 28. Ba7 Ra8 29. Bc8 a5 30. bxa5 Kh8 31. a6 1-0

[Event "Landsturneringen NM i sjakk 2013"]
[Site "Radisson Blu Lillehammer Hotel"]
[Date "2013.06.29"]
[Round "5"]
[White "Aubert, Carsten"]
[Black "Rødvik, Trym Daniel"]
[Result "1-0"]
[WhiteElo "1889"]
[BlackElo "1869"]
[PlyCount "75"]
[EventDate "2013.??.??"]

1. d4 Nf6 2. c4 g6 3. Nc3 Bg7 4. e4 O-O 5. Be3 d6 6. f3 Nc6 7. Qd2 a6 8. Nge2
Rb8 9. Nc1 Bd7 10. Nb3 Na7 11. a4 b6 12. Be2 c5 13. O-O Qc7 14. Rfd1 Rfd8 15.
Qe1 b5 16. axb5 axb5 17. dxc5 dxc5 18. Bxc5 Nc8 19. Nxb5 Bxb5 20. Rxd8+ Qxd8
21. cxb5 Nd7 22. Rd1 Qc7 23. Qd2 Ncb6 24. Bxe7 Qa7 25. Qa5 Qxa5 26. Nxa5 Bxb2
27. Nc4 Nxc4 28. Bxc4 Nb6 29. Bd5 Bc3 30. Bc6 Kg7 31. Bd6 Rc8 32. Bc5 Rb8 33.
Rd3 Ba5 34. Ra3 Bd2 35. Ra6 Nc4 36. Kf1 Bc3 37. Ba7 Rc8 38. Bd5 1-0

[Event "Landsturneringen NM i sjakk 2013"]
[Site "Radisson Blu Lillehammer Hotel"]
[Date "2013.06.29"]
[Round "5"]
[White "Snellingen, Jørn"]
[Black "Solbu, Lasse Tveter"]
[Result "0-1"]
[WhiteElo "1901"]
[BlackElo "1767"]
[PlyCount "49"]
[EventDate "2013.??.??"]

1. d4 d5 2. c4 c6 3. Nf3 Nf6 4. Nc3 e6 5. Bg5 Nbd7 6. e3 Be7 7. Qc2 h6 8. Bh4
O-O 9. h3 Re8 10. O-O-O dxc4 11. Bxc4 b5 12. Bd3 Qa5 13. g4 b4 14. Na4 c5 15.
Bxf6 Bxf6 16. Be4 Rb8 17. dxc5 Ba6 18. Bc6 Nxc5 19. Bxe8 b3 20. axb3 Nxa4 21.
Bxa4 Rc8 22. Bc6 Rxc6 23. Qxc6 Qa1+ 24. Kd2 Qxb2+ 25. Ke1 0-1

[Event "Landsturneringen NM i sjakk 2013"]
[Site "Radisson Blu Lillehammer Hotel"]
[Date "2013.06.29"]
[Round "5"]
[White "Steinskog, Asbjørn O"]
[Black "Lund, Terje"]
[Result "1/2-1/2"]
[WhiteElo "1827"]
[BlackElo "1925"]
[PlyCount "69"]
[EventDate "2013.??.??"]

1. e4 Nf6 2. e5 Nd5 3. Nc3 Nxc3 4. dxc3 d6 5. Nf3 dxe5 6. Qxd8+ Kxd8 7. Nxe5
Ke8 8. Bc4 e6 9. Be3 Bd6 10. Nd3 Nc6 11. Bc5 Ke7 12. f4 Na5 13. Bb5 a6 14. Ba4
Bxc5 15. Nxc5 b6 16. Nb3 Nxb3 17. Bxb3 Bb7 18. Kf2 Rhd8 19. Rhd1 Be4 20. Rd4
Bf5 21. Rad1 c5 22. Rxd8 Rxd8 23. Rxd8 Kxd8 24. Bc4 Bxc2 25. Bxa6 Kc7 26. Ke3
Kd6 27. Bd3 Bxd3 28. Kxd3 Kd5 29. c4+ Kd6 30. a3 e5 31. fxe5+ Kxe5 32. b4 cxb4
33. axb4 f5 34. Ke3 g5 35. g3 1/2-1/2

[Event "Landsturneringen NM i sjakk 2013"]
[Site "Radisson Blu Lillehammer Hotel"]
[Date "2013.06.29"]
[Round "5"]
[White "Ali, Karim"]
[Black "Barane, Simon"]
[Result "0-1"]
[WhiteElo "1601"]
[BlackElo "1780"]
[PlyCount "52"]
[EventDate "2013.??.??"]

1. e4 c5 2. Nf3 d6 3. d4 cxd4 4. Nxd4 Nf6 5. Nc3 g6 6. Be3 Bg7 7. f3 O-O 8. Qd2
Nc6 9. O-O-O d5 10. exd5 Nxd5 11. Nxc6 bxc6 12. Nxd5 cxd5 13. Qxd5 Qc7 14. Qc5
Qb7 15. Bd4 Bf5 16. Bc3 Rfc8 17. Qe3 Rab8 18. Kd2 Bxc3+ 19. bxc3 Rd8+ 20. Bd3
Bxd3 21. cxd3 Qb2+ 22. Ke1 Rd6 23. Qd2 Qa3 24. Rg1 Rb2 25. Qc1 Re6+ 26. Kf1
Qxa2 0-1

[Event "Landsturneringen NM i sjakk 2013"]
[Site "Radisson Blu Lillehammer Hotel"]
[Date "2013.06.29"]
[Round "5"]
[White "Nygaard, Timmie"]
[Black "Tufta, Jon Gunnar"]
[Result "1/2-1/2"]
[WhiteElo "1840"]
[BlackElo "1740"]
[PlyCount "36"]
[EventDate "2013.??.??"]

1. c4 b6 2. Nc3 Bb7 3. d4 f5 4. Nf3 Nf6 5. e3 e6 6. Bd3 g6 7. O-O Bg7 8. Re1
O-O 9. e4 fxe4 10. Nxe4 Nxe4 11. Bxe4 Bxe4 12. Rxe4 Nc6 13. Bg5 Bf6 14. Bxf6
Qxf6 15. Qd2 Ne7 16. Rae1 Nf5 17. b3 Nd6 18. R4e2 Qf4 1/2-1/2

[Event "Landsturneringen NM i sjakk 2013"]
[Site "Radisson Blu Lillehammer Hotel"]
[Date "2013.06.29"]
[Round "5"]
[White "Gyldenås, Ole Jørn"]
[Black "Dyrnes, Jussi"]
[Result "1-0"]
[WhiteElo "1955"]
[BlackElo "1746"]
[PlyCount "59"]
[EventDate "2013.??.??"]

1. d4 e6 2. Nf3 Nf6 3. g3 c5 4. Bg2 d5 5. O-O Be7 6. c4 cxd4 7. cxd5 O-O 8.
dxe6 Nc6 9. exf7+ Kh8 10. Qb3 Qd6 11. Bf4 Qc5 12. Na3 Qh5 13. Rfd1 Bc5 14. Rac1
Bb6 15. Nc2 d3 16. Qxd3 Bf5 17. Qb5 Ne4 18. e3 Qxf7 19. Ncd4 Bd7 20. Nxc6 Bxc6
21. Qc4 Qh5 22. Ne5 Rxf4 23. gxf4 Nxf2 24. Kxf2 Rf8 25. Nxc6 bxc6 26. Kg1 Bxe3+
27. Kh1 c5 28. Rf1 Bd4 29. b4 Qh4 30. bxc5
1-0

[Event "Landsturneringen NM i sjakk 2013"]
[Site "Radisson Blu Lillehammer Hotel"]
[Date "2013.06.29"]
[Round "5"]
[White "Johansen, Lars"]
[Black "Garberg, Tore"]
[Result "0-1"]
[WhiteElo "1822"]
[BlackElo "1821"]
[PlyCount "38"]
[EventDate "2013.??.??"]

1. d4 Nf6 2. c4 g6 3. f3 c5 4. d5 d6 5. Nc3 Bg7 6. e4 e6 7. Be3 O-O 8. Qd2 exd5
9. cxd5 a6 10. a4 Re8 11. Bd3 Nbd7 12. Bh6 Nxe4 13. Nxe4 Qh4+ 14. Kd1 Bxh6 15.
Qc3 Bg7 16. Qd2 Qe7 17. Nh3 Ne5 18. Re1 Bxh3 19. gxh3 Nxf3
0-1

[Event "Landsturneringen NM i sjakk 2013"]
[Site "Radisson Blu Lillehammer Hotel"]
[Date "2013.06.29"]
[Round "5"]
[White "Theting, Helge E"]
[Black "Opdahl, Andreas"]
[Result "1-0"]
[WhiteElo "1961"]
[BlackElo "1750"]
[PlyCount "65"]
[EventDate "2013.??.??"]

1. Nf3 Nf6 2. g3 g6 3. Bg2 Bg7 4. O-O O-O 5. d3 d6 6. e4 c6 7. Nbd2 e5 8. Nc4
b5 9. Ne3 a6 10. h3 Nbd7 11. Nh2 Nh5 12. Nf5 Ndf6 13. Nxg7 Nxg7 14. f4 Nfe8 15.
g4 Bd7 16. f5 f6 17. h4 Nc7 18. c4 Qe7 19. Be3 g5 20. hxg5 fxg5 21. Qf3 Qf6 22.
Kf2 Kf7 23. Rh1 Rh8 24. Nf1 h6 25. Ng3 c5 26. Nh5 Nxh5 27. Rxh5 Kg7 28. Rah1
Be8 29. Bxg5 Qxg5 30. Rxg5+ hxg5 31. f6+ Kg8 32. Rxh8+ Kxh8 33. f7 1-0

[Event "Landsturneringen NM i sjakk 2013"]
[Site "Radisson Blu Lillehammer Hotel"]
[Date "2013.06.29"]
[Round "5"]
[White "Haveland, Bjørn"]
[Black "Aartun, Eivind"]
[Result "1-0"]
[WhiteElo "1771"]
[BlackElo "1800"]
[PlyCount "45"]
[EventDate "2013.??.??"]

1. d4 d5 2. Nf3 Nf6 3. e3 e6 4. Bd3 c5 5. b3 Be7 6. Bb2 O-O 7. O-O Nc6 8. Nbd2
Bd7 9. Ne5 Rc8 10. c3 Bd6 11. f4 a6 12. Rc1 b5 13. c4 Nb4 14. Bb1 bxc4 15. bxc4
dxc4 16. Nxd7 Qxd7 17. dxc5 Bxc5 18. Bxf6 Bxe3+ 19. Kh1 Qxd2 20. Qg4 g6 21.
Rcd1 c3 22. Rxd2 cxd2 23. Bxg6 1-0

[Event "Landsturneringen NM i sjakk 2013"]
[Site "Radisson Blu Lillehammer Hotel"]
[Date "2013.06.29"]
[Round "5"]
[White "Thrana, Svein Arne"]
[Black "Vigdal, Per Kr"]
[Result "1/2-1/2"]
[WhiteElo "1752"]
[BlackElo "1754"]
[PlyCount "38"]
[EventDate "2013.??.??"]

1. e4 c5 2. Nf3 d6 3. d4 cxd4 4. Nxd4 Nf6 5. Nc3 g6 6. Be3 Bg7 7. f3 O-O 8. Qd2
Nc6 9. g4 Ne5 10. h4 h5 11. gxh5 Nxh5 12. O-O-O Bd7 13. Kb1 Rc8 14. Bg5 Qb6 15.
Nd5 Nxf3 16. Nxb6 Nxd2+ 17. Rxd2 axb6 18. Ne2 Bc6 19. Bg2 Rfe8 1/2-1/2

[Event "Landsturneringen NM i sjakk 2013"]
[Site "Radisson Blu Lillehammer Hotel"]
[Date "2013.06.29"]
[Round "6"]
[White "Stake-Larsen, Gunnar"]
[Black "Andersen, Øystein R"]
[Result "0-1"]
[WhiteElo "1857"]
[BlackElo "1823"]
[PlyCount "40"]
[EventDate "2013.??.??"]

1. d4 Nf6 2. c4 g6 3. Nc3 Bg7 4. e4 d6 5. f4 O-O 6. Nf3 c5 7. d5 e6 8. Be2 exd5
9. cxd5 Re8 10. Nd2 Nbd7 11. O-O a6 12. a4 Rb8 13. a5 Qc7 14. Re1 h5 15. h3 b5
16. axb6 Nxb6 17. Rf1 Nfxd5 18. Nxd5 Nxd5 19. Ra3 Bd4+ 20. Kh1 Ne3 0-1

[Event "Landsturneringen NM i sjakk 2013"]
[Site "Radisson Blu Lillehammer Hotel"]
[Date "2013.06.29"]
[Round "6"]
[White "Tufta, Jon Gunnar"]
[Black "Theting, Helge E"]
[Result "1/2-1/2"]
[WhiteElo "1740"]
[BlackElo "1961"]
[PlyCount "65"]
[EventDate "2013.??.??"]

1. e4 g6 2. d4 Bg7 3. Bc4 d6 4. Ne2 Nc6 5. f4 e6 6. c3 d5 7. Bd3 dxe4 8. Bxe4
Nge7 9. O-O O-O 10. Nd2 Nd5 11. Nc4 Nce7 12. Qd3 c6 13. Ne5 Qc7 14. c4 Nb4 15.
Qa3 a5 16. c5 b5 17. Bd2 Nbd5 18. Qf3 Ba6 19. b3 Rad8 20. Rad1 f6 21. Ng4 b4
22. Bd3 Bc8 23. Ng3 Qd7 24. Ne3 Nc7 25. Nc2 Kh8 26. Ne4 Ne8 27. Bc4 Nf5 28. Be3
Nc7 29. g4 Nxe3 30. Nxe3 f5 31. Nd6 Ne8 32. Nxe8 Rfxe8 33. Nc2 1/2-1/2

[Event "Landsturneringen NM i sjakk 2013"]
[Site "Radisson Blu Lillehammer Hotel"]
[Date "2013.06.29"]
[Round "6"]
[White "Garberg, Tore"]
[Black "Nygaard, Timmie"]
[Result "1/2-1/2"]
[WhiteElo "1821"]
[BlackElo "1840"]
[PlyCount "61"]
[EventDate "2013.??.??"]

1. e4 c5 2. c3 Nc6 3. d4 cxd4 4. cxd4 d5 5. exd5 Qxd5 6. Nf3 e6 7. Nc3 Bb4 8.
Be2 Nf6 9. O-O Qd8 10. a3 Be7 11. Be3 O-O 12. Ne5 Nd5 13. Nxc6 bxc6 14. Bf3 Rb8
15. Qd2 Qb6 16. b4 Rd8 17. Rfc1 Ba6 18. Na4 Qb5 19. Nc5 Bxc5 20. Rxc5 Qb6 21.
Rac1 Rbc8 22. g3 Bb7 23. Kg2 Qa6 24. Qb2 Qd3 25. Bg5 Rd7 26. b5 Rd6 27. bxc6
Ba8 28. Bxd5 Rxd5 29. Be3 Rxc5 30. Rxc5 Qe4+ 31. Kf1 1/2-1/2

[Event "Landsturneringen NM i sjakk 2013"]
[Site "Radisson Blu Lillehammer Hotel"]
[Date "2013.06.29"]
[Round "6"]
[White "Haugsrud, Håkon"]
[Black "Dyrnes, Jussi"]
[Result "1-0"]
[WhiteElo "1870"]
[BlackElo "1746"]
[PlyCount "57"]
[EventDate "2013.??.??"]

1. e4 e5 2. f4 Nc6 3. Nf3 d6 4. Bb5 Bd7 5. d3 Nge7 6. O-O g6 7. Nc3 Bg7 8. fxe5
Nxe5 9. Nxe5 dxe5 10. Bc4 Be6 11. Bxe6 fxe6 12. Qg4 Qd7 13. Bg5 Rf8 14. Qh4 h6
15. Rxf8+ Bxf8 16. Bxh6 Bxh6 17. Qxh6 O-O-O 18. Qg7 Qd4+ 19. Kh1 Re8 20. Rf1 a6
21. Qf7 Kd7 22. Rf6 Qb6 23. h3 g5 24. Nd5 Qd6 25. c4 exd5 26. Rxd6+ cxd6 27.
exd5 Rg8 28. Qe6+ Ke8 29. Qxd6 1-0

[Event "Landsturneringen NM i sjakk 2013"]
[Site "Radisson Blu Lillehammer Hotel"]
[Date "2013.06.29"]
[Round "6"]
[White "Runde, Hans Arild"]
[Black "Ali, Karim"]
[Result "1-0"]
[WhiteElo "1929"]
[BlackElo "1601"]
[PlyCount "53"]
[EventDate "2013.??.??"]

1. Nf3 e6 2. c4 f5 3. Nc3 Nf6 4. d3 d5 5. cxd5 exd5 6. Qa4+ c6 7. Bg5 Be7 8. e3
Nbd7 9. Be2 Nc5 10. Qc2 Ne6 11. Bxf6 Bxf6 12. d4 O-O 13. Bd3 g6 14. O-O Qd6 15.
Rad1 Bd7 16. Ne2 Rae8 17. Qd2 Ng7 18. h4 h6 19. Nf4 Kf7 20. Be2 g5 21. Nd3 gxh4
22. Nfe5+ Bxe5 23. Nxe5+ Ke7 24. f4 Rh8 25. Qe1 Reg8 26. Qxh4+ Kf8 27. Qd8+ 1-0

[Event "Landsturneringen NM i sjakk 2013"]
[Site "Radisson Blu Lillehammer Hotel"]
[Date "2013.06.29"]
[Round "6"]
[White "Vigdal, Per Kr"]
[Black "Saltnes, Trond Harald"]
[Result "1-0"]
[WhiteElo "1754"]
[BlackElo "1708"]
[PlyCount "51"]
[EventDate "2013.??.??"]

1. e4 c5 2. Nf3 Nc6 3. d4 cxd4 4. Nxd4 e6 5. Nc3 Qc7 6. Be2 a6 7. O-O Nf6 8.
Nb3 b5 9. f3 Bb4 10. a3 Bd6 11. f4 h5 12. e5 Nxe5 13. fxe5 Bxe5 14. h3 Ng4 15.
Bxg4 Qb6+ 16. Kh1 hxg4 17. Qxg4 f5 18. Qg6+ Kf8 19. Rxf5+ Bf6 20. Rxf6+ gxf6
21. Qxf6+ Kg8 22. Bh6 Rxh6 23. Qxh6 Qf2 24. Ne4 Qf5 25. Qg5+ Qxg5 26. Nxg5 1-0

[Event "Landsturneringen NM i sjakk 2013"]
[Site "Radisson Blu Lillehammer Hotel"]
[Date "2013.06.29"]
[Round "6"]
[White "Thrana, Svein Arne"]
[Black "Boger, Raymond"]
[Result "1/2-1/2"]
[WhiteElo "1752"]
[BlackElo "1922"]
[PlyCount "40"]
[EventDate "2013.??.??"]

1. e4 g6 2. d4 Bg7 3. f4 d6 4. Bc4 c5 5. Nf3 Nc6 6. c3 Nh6 7. dxc5 dxc5 8.
Qxd8+ Kxd8 9. Be3 b6 10. Nbd2 e6 11. h3 Na5 12. g4 Bb7 13. O-O-O Ke7 14. g5
Nxc4 15. Nxc4 Nf5 16. exf5 Bxf3 17. f6+ Bxf6 18. gxf6+ Kxf6 19. Ne5 Bxh1 20.
Rxh1 Rhd8 1/2-1/2

[Event "Landsturneringen NM i sjakk 2013"]
[Site "Radisson Blu Lillehammer Hotel"]
[Date "2013.06.29"]
[Round "7"]
[White "Thorstensen, Espen"]
[Black "Andersen, Øystein R"]
[Result "1/2-1/2"]
[WhiteElo "1960"]
[BlackElo "1823"]
[PlyCount "86"]
[EventDate "2013.??.??"]

1. e4 c5 2. Nc3 Nc6 3. g3 g6 4. Bg2 Bg7 5. d3 d6 6. Be3 Nf6 7. h3 O-O 8. Qd2
Re8 9. Nge2 a6 10. O-O Rb8 11. f4 Nd7 12. Nd1 Nd4 13. Nc1 e5 14. c3 Nc6 15. f5
Qe7 16. Bh6 f6 17. Bxg7 Qxg7 18. fxg6 hxg6 19. Ne3 Ne7 20. Nc4 b5 21. Nxd6 Rd8
22. Qf2 a5 23. Nxc8 Rdxc8 24. h4 Rc6 25. Rd1 b4 26. Nb3 a4 27. Na5 Ra6 28. cxb4
Rxb4 29. Nc4 Nc6 30. Ne3 Nd4 31. Nd5 Rb8 32. Rac1 Rc6 33. Rc4 Nb6 34. Nxb6
Rcxb6 35. Rxa4 Rxb2 36. Rd2 Rxd2 37. Qxd2 Qb7 38. Qh6 Qg7 39. Qd2 Qb7 40. Kh2
Qb2 41. Qh6 Nf3+ 42. Kh3 Ng1+ 43. Kh2 Nf3+ 1/2-1/2

[Event "Landsturneringen NM i sjakk 2013"]
[Site "Radisson Blu Lillehammer Hotel"]
[Date "2013.06.29"]
[Round "7"]
[White "Snellingen, Jørn"]
[Black "Aubert, Carsten"]
[Result "1-0"]
[WhiteElo "1901"]
[BlackElo "1889"]
[PlyCount "97"]
[EventDate "2013.??.??"]

1. d4 Nf6 2. c4 e6 3. Nc3 Bb4 4. e3 c5 5. Nge2 b6 6. a3 Ba5 7. Rb1 Na6 8. Ng3
Bxc3+ 9. bxc3 Bb7 10. Bd3 Bxg2 11. Rg1 Bb7 12. e4 g6 13. e5 Ng8 14. Be4 d5 15.
exd6 Bxe4 16. Nxe4 f5 17. Bg5 Qd7 18. Bf6 fxe4 19. Bxh8 O-O-O 20. Be5 Nh6 21.
Qe2 Qb7 22. a4 Nf5 23. d5 exd5 24. cxd5 Nxd6 25. Qg4+ Qd7 26. Bxd6 Qxg4 27.
Rxg4 Rxd6 28. c4 Nb4 29. Rxe4 Nc2+ 30. Kd1 Nd4 31. Re7 Rd7 32. Rxd7 Kxd7 33. a5
Kc7 34. a6 Nf5 35. Kd2 Nd6 36. Kd3 Nf5 37. Re1 Kd7 38. Re6 Nd6 39. h3 Ne8 40.
Rxe8 Kxe8 41. Ke4 Kd7 42. Ke5 Ke7 43. f4 Kd7 44. h4 h6 45. d6 b5 46. cxb5 c4
47. Kd4 c3 48. Kxc3 Kxd6 49. b6 1-0